000 00617nam a2200193 4500
001 148952
003 ES-MaACL
005 20230906202901.0
007 t|
008 070214q1955 sp r ||||1| spa d
100 1 _aSurgenor, A. J.
_9108828
245 1 3 _aLa Bolex Paillard
_b: cómo filmar con las cámaras cinematográficas Bolex H.16 ,H.8, B.8, C.8, L.8 /
_cA. J. Surgenor.
260 _aBarcelona :
_bOmega,
_c[1955?]
300 _a150 p. :
_bil. ;
_c16 cm.
490 1 _aCol. foto biblioteca
830 0 _aCol. foto biblioteca
_9187052
852 _aES-MaACL
_jC-10118
_bR.37951
999 _c148952
_d148952